000 00379nam a22001577a 4500
003 MPLRDC
005 20220104114427.0
008 210129b ||||| |||| 00| 0 eng d
082 _a857.63 CKL v.26
100 _a岑凯伦
245 _a大学生
_c
260 _a
_b金兰文化出版社
_c1982
300 _b
650 _a短篇小说--别集
942 _cBK
_o857.63 CKL v.26
999 _c7389
_d7379